000 00460nam a2200169 a 4500
005 20260425171507.0
008 260416s2026##################000#0#eng##
020 _a9780406850973
_qhbk
041 _aeng
082 0 4 _a348.42 ALL.2
245 1 0 _aTHE ALL ENGLAND LAW REPORTS
_c/edited by Paul H NieKirk MA
260 _aLondon
_bButterworths
_c2003
300 _a896p. :
_c26cm.
490 _vvol. 2
650 _aLaws, regulations & cases
942 _cENGLISH
999 _c619549
_d619549